000
00261nam a2200109Ia 4500
008
190912s9999||||xx |||||||||||||| ||und||
100
_a
Kramer , Tyler
245
0
_a
Trust In Organizations
260
_a
London
_b
Prentice Hall
_c
1996
300
_a
429
942
_c
BK
999
_c
7751
_d
7751